Southville International School and Colleges
Your cart is empty.
  • Cart
  • Lists
    Public lists Eva Luna New books Lux_list list_1
    Your lists Log in to create your own lists
  • Log in to your account
  • Your cookies
  • Search history
Southville International School and Colleges
  • Advanced search
  • Recent comments
  • Most popular
  • Libraries

Log in to your account

Log in with GOOGLE


If you do not have an external account, but do have a local account, you can still log in:

  1. Home
  2. MARC view: History of the Incas
Normal view MARC view ISBD view

History of the Incas (Record no. 249473)

[ view plain ]
MARC details
000 -LEADER
fixed length control field 00905cam a22002893a 4500
001 - CONTROL NUMBER
control field 20218
003 - CONTROL NUMBER IDENTIFIER
control field PGUSA
005 - DATE AND TIME OF LATEST TRANSACTION
control field 20140828083428.0
008 - FIXED-LENGTH DATA ELEMENTS--GENERAL INFORMATION
fixed length control field 061229s2006||||xxu|||||s|||||000 | eng d
040 ## - CATALOGING SOURCE
Original cataloging agency PGUSA
Language of cataloging eng
042 ## - AUTHENTICATION CODE
Authentication code dc
050 #4 - LIBRARY OF CONGRESS CALL NUMBER
Classification number F3401
100 1# - MAIN ENTRY--PERSONAL NAME
Personal name Sarmiento de Gamboa, Pedro
245 10 - TITLE STATEMENT
Title History of the Incas
Medium [electronic resource] /
Statement of responsibility, etc Pedro Sarmiento de Gamboa
260 ## - PUBLICATION, DISTRIBUTION, ETC. (IMPRINT)
Name of publisher, distributor, etc Project Gutenberg,
Date of publication, distribution, etc 2006
506 ## - RESTRICTIONS ON ACCESS NOTE
Terms governing access Public domain in the USA.
516 ## - TYPE OF COMPUTER FILE OR DATA NOTE
Type of computer file or data note Electronic text
653 ## - INDEX TERM--UNCONTROLLED
Uncontrolled term Peru -- History -- Bibliography
653 ## - INDEX TERM--UNCONTROLLED
Uncontrolled term Tupac Amaru, Inca, d. 1571
653 ## - INDEX TERM--UNCONTROLLED
Uncontrolled term Indians of South America -- Peru -- History
653 ## - INDEX TERM--UNCONTROLLED
Uncontrolled term Peru -- History -- To 1548
653 ## - INDEX TERM--UNCONTROLLED
Uncontrolled term Incas -- History
700 1# - ADDED ENTRY--PERSONAL NAME
Personal name Markham, Clements R.,
Titles and other words associated with a name Sir
Fuller form of name (Clements Robert),
Dates associated with a name 1830-1916
830 #0 - SERIES ADDED ENTRY--UNIFORM TITLE
Uniform title Project Gutenberg
Volume number/sequential designation 20218
856 40 - ELECTRONIC LOCATION AND ACCESS
Uniform Resource Identifier <a href="http://www.gutenberg.org/ebooks/20218">http://www.gutenberg.org/ebooks/20218</a>
942 ## - ADDED ENTRY ELEMENTS (KOHA)
Koha item type eBooks
Holdings
Withdrawn status Lost status Damaged status Home library Current library Date acquired Total Checkouts Date last seen Price effective from Koha item type
      Project Gutenberg Project Gutenberg 08/28/2014   08/28/2014 08/28/2014 eBooks

History of the Incas

APA

Sarmiento de Gamboa P., Markham C. R., . (2006). History of the Incas. : Project Gutenberg.

Chicago

Sarmiento de Gamboa Pedro, Markham Clements R, . 2006. History of the Incas. : Project Gutenberg.

Harvard

Sarmiento de Gamboa P., Markham C. R., . (2006). History of the Incas. : Project Gutenberg.

MLA

Sarmiento de Gamboa Pedro, Markham Clements R, . History of the Incas. : Project Gutenberg. 2006.

  • Place hold
  • Print
  • Cite
  • Add to your cart (remove)
  • Save record
    BIBTEX Dublin Core MARCXML MARC (non-Unicode/MARC-8) MARC (Unicode/UTF-8) MARC (Unicode/UTF-8, Standard) MODS (XML) RIS
  • More searches
    Search for this title in:
    Other Libraries (WorldCat) Other Databases (Google Scholar) Online Stores (Bookfinder.com) Open Library (openlibrary.org)

Exporting to Dublin Core...

SOUTHVILLE LIBRARY

Southville International School and Colleges Library

1281 Tropical Ave. Cor. Luxembourg St., BF Homes International, Las Pinas City

Tel. No. 8256374 / 252358 Loc. 117/146

Powered by Koha